Statystyki dla Quiz zgadnij postać z Brawl Stars

Kliknij tutaj aby rozwiązać quiz!

Ogólne statystyki

  • Ten quiz został rozwiązany 68 razy
    (9 od ostatniego zresetowania)
  • Średni wynik to 9 z 10

Statystyki odpowiedzi

Odpowiedź% Poprawnych
Leon
100%
Spike
100%
Chuk
89%
Colette
89%
Rico
89%
Squeak
89%
Surge
89%
Tara
89%
Cordelius
78%
Hank
78%

Rozkład punktacji

Percentyl według liczby udzielonych odpowiedzi

Procent ludzi z każdym wynikiem

Twoja historia wyników

Nie rozwiązałeś tego quizu od ostatniego zresetowania